Lenk's laser handbook : (Record no. 183341)
[ view plain ]
| 000 -LEADER | |
|---|---|
| fixed length control field | 01326 a2200265 4500 |
| 003 - CONTROL NUMBER IDENTIFIER | |
| control field | Nust |
| 005 - DATE AND TIME OF LATEST TRANSACTION | |
| control field | 20170207153303.0 |
| 010 ## - LIBRARY OF CONGRESS CONTROL NUMBER | |
| LC control number | 91013991 |
| 020 ## - INTERNATIONAL STANDARD BOOK NUMBER | |
| International Standard Book Number | 0070375054 (hard) |
| 020 ## - INTERNATIONAL STANDARD BOOK NUMBER | |
| International Standard Book Number | 0830644296 (pbk.) : |
| 040 ## - CATALOGING SOURCE | |
| Transcribing agency | Nust |
| 082 00 - DEWEY DECIMAL CLASSIFICATION NUMBER | |
| Classification number | 621.38932 |
| 100 1# - MAIN ENTRY--PERSONAL NAME | |
| Personal name | Lenk, John D. |
| 245 10 - TITLE STATEMENT | |
| Title | Lenk's laser handbook : |
| Remainder of title | featuring CD, CDV, and CD-ROM technology / |
| Statement of responsibility, etc. | John D. Lenk. |
| 250 ## - EDITION STATEMENT | |
| Edition statement | 1st McGraw-Hill pbk. ed. |
| 260 ## - PUBLICATION, DISTRIBUTION, ETC. | |
| Place of publication, distribution, etc. | New York : |
| Name of publisher, distributor, etc. | Tab Books, |
| Date of publication, distribution, etc. | 1993. |
| 300 ## - PHYSICAL DESCRIPTION | |
| Extent | 1 v. (various pagings) : |
| Other physical details | ill. ; |
| Dimensions | 23 cm. |
| 500 ## - GENERAL NOTE | |
| General note | Includes index. |
| 505 ## - FORMATTED CONTENTS NOTE | |
| Formatted contents note | Introduction to Laser-Based Disc Players (Page 1.1) Encoding, Decoding, and Optical Readout (Page 2.1) User Controls, Operating Procedures, and Installation (Page 3.1) Test Equipment, Tools and Routine Maintenance (Page 4.1) Typical CD Player and CD-ROM Circuits (Page 5.1) Typical CDV Player Circuits (Page 6.1) Mechanical Operation, Adjustment, and Replacement (Page 7.1) CD Player Troubleshooting and Adjustment (Page 8.1) CDV Player Troubleshooting and Adjustment (Page 9.1) |
| 538 ## - SYSTEM DETAILS NOTE | |
| System details note | Almirah No.41 Shelf No.1 |
| 650 #0 - SUBJECT ADDED ENTRY--TOPICAL TERM | |
| Topical term or geographic name entry element | Compact disc players |
| General subdivision | Maintenance and repair. |
| 650 #0 - SUBJECT ADDED ENTRY--TOPICAL TERM | |
| Topical term or geographic name entry element | Videodisc players |
| General subdivision | Maintenance and repair. |
| 740 0# - ADDED ENTRY--UNCONTROLLED RELATED/ANALYTICAL TITLE | |
| Uncontrolled related/analytical title | Laser handbook. |
| 856 41 - ELECTRONIC LOCATION AND ACCESS | |
| Materials specified | Table of contents |
| Uniform Resource Identifier | <a href="http://www.loc.gov/catdir/toc/mh021/91013991.html">http://www.loc.gov/catdir/toc/mh021/91013991.html</a> |
| 942 ## - ADDED ENTRY ELEMENTS (KOHA) | |
| Source of classification or shelving scheme | |
| Koha item type | Book |
| Withdrawn status | Lost status | Source of classification or shelving scheme | Damaged status | Not for loan | Permanent Location | Current Location | Shelving location | Date acquired | Total Checkouts | Full call number | Barcode | Date last seen | Price effective from | Koha item type |
|---|---|---|---|---|---|---|---|---|---|---|---|---|---|---|
| Military College of Signals (MCS) | Military College of Signals (MCS) | General Stacks | 11/21/2023 | 621.38932 | MCS6163 | 11/21/2023 | 11/21/2023 | Book |
